000 00641nam a22001817a 4500
999 _c18215
_d18215
003 AR-CdUCM
008 190513b ||||| |||| 00| 0 spa d
040 _aMUNICIPALIDAD PROVINCIAL DEL CUSCO
_cBIBLIOTECA MUNICIPAL DEL CUSCO
082 _a909 /
_bP43
100 _aPerdrix, E. Valles
_938676
245 _aAtlas de historia universal /
300 _a82 paginas ;
_bIlustraciones, mapas,
_c21 cm.
505 _aContenido : Edad antigua -- Edad Medica -- Edad moderna -- Edad contemporánea.
650 _aEdades de la historia universal
_938677
650 _aHistoria Universal
_91423
942 _2ddc
_cLIBROS
945 _awnts
_d2019-05-13